Patentový zákon a předpisy související.

Uložené v:
Podrobná bibliografia
Médium: Kniha
Jazyk:Czech
Vydané: Praha : Vydavatelství a nakladatelství NN, 1992.
Vydanie:1. vyd.
Témy:
ISBN: 8085100274 (brož.)
Fyzický popis: 54 s.
Tagy: Pridať tag
Žiadne tagy, Buďte prvý kto otaguje tento záznam!

MARC

LEADER 00000nam a2200000 a 4500
001 000072005
003 SVKK
005 20110923105402.0
008 990714s1992 xr e 000 0 cze d
020 |a 8085100274 (brož.) 
040 |a SVKKK  |b slo  |c SVKKK  |e AACR2 
041 0 |a cze 
044 |a xr  |c CZ 
080 |a 347.77(437)  |2 1997 
245 0 0 |a Patentový zákon a předpisy související. 
250 |a 1. vyd. 
260 |a Praha :  |b Vydavatelství a nakladatelství NN,  |c 1992. 
300 |a 54 s. 
653 0 |a patenty  |2 SVKKKPH 
653 0 |a právo patentové  |2 SVKKKPH 
653 0 |a zákony  |2 SVKKKPH 
653 0 |a predpisy právne  |2 SVKKKPH 
653 0 |a Česko-Slovensko  |2 SVKKKPH 
655 7 |a zákony  |2 SVKKKPH 
910 |a svkkk 
919 |a 80-85100-27-4 
974 |a MI  |d 19990714 
974 |a PA  |d 19990714 
974 |a PA  |d 20010430 
998 |a BK 
090 |g SCKHL  |k Sklad Pribinova 2. posch.  |a III.163738  |j 872651  |i 2720628395  |s Absenčne